000 00743nam a22002417a 4500
003 UA-OsUOA
001 46295
007 ta
008 20120209b un ||||| |||| 00| 0 ukr d
100 _aКащенко А.
090 _a09.-82-31
_bК31
942 _cBK
040 _aUA-OsUOA
_bukr
_cUA-OsUOA
_dUA-OsUOA
245 _aЗруйнована гніздо
_bповість з часів скасуваня Запорозької січі
300 _a94 с.
955 _a3
041 _aukr
080 _a09.-82-31
260 _aАугсбург
_c1947
650 7 _a0 Загальний відділ.
_2UDC
999 _c426348
_d426348